00433cam a22001691 0450000100060000010000410000610100080004710200070005520000440006221000320010621500220013822500200016031400360018067500200021670000110023680100160024746061 a19601201d1960 c y0pory5003 ba0 apor aPT1 aO menino gordofIsabel Maria Vaz Raposo 9aLisboacVerbo,d[D.L. 1960] a22 f.cil.d22 cm2 aCavalinho preto aIsabel Maria Vaz Raposo (Bió) a087.5vmedzpor 0aBió, 0aPTbBNgRPC